| Tag |
First Indicator |
Second Indicator |
Subfields |
| LEADER |
00000cam a2200000 4500 |
| 001 |
in00000081592 |
| 005 |
20151008053017.0 |
| 008 |
731205s1947 nyu b 00000 eng u |
| 010 |
|
|
|a 47011027
|
| 020 |
|
|
|a 0837127939
|
| 035 |
|
|
|a (OCoLC)00755470
|
| 035 |
|
|
|9 AAH5842AM
|
| 040 |
|
|
|c CSU
|d TXA
|d UtOrBLW
|
| 049 |
|
|
|a TXAM
|c [149550]
|
| 050 |
|
0 |
|a LB875
|b .W87
|
| 082 |
0 |
|
|a 370.1
|
| 092 |
|
|
|a 370.1
|b W988p
|
| 100 |
1 |
|
|a Wynne, John Peter,
|d 1888-
|
| 245 |
1 |
0 |
|a Philosophies of education from the standpoint of the philosophy of experimentalism.
|
| 264 |
|
1 |
|a New York,
|b [publisher not identified] ;
|c 1947.
|
| 300 |
|
|
|a xiv, 427 pages ;
|c 23 cm.
|
| 336 |
|
|
|a text
|b txt
|2 rdacontent
|
| 337 |
|
|
|a unmediated
|b n
|2 rdamedia
|
| 338 |
|
|
|a volume
|b nc
|2 rdacarrier
|
| 490 |
1 |
|
|a Prentice-Hall education series
|
| 504 |
|
|
|a Includes bibliographical references.
|
| 650 |
|
0 |
|a Education
|x Philosophy.
|
| 830 |
|
0 |
|a Prentice-Hall education series.
|
| 999 |
|
|
|a MARS
|
| 999 |
f |
f |
|s d44cab04-5087-3914-a4dd-3217ede8ddb5
|i fc6dbfde-5026-3391-bc72-d207df1894a7
|t 0
|
| 952 |
f |
f |
|p ric
|a Texas A&M University
|b Rellis Campus
|c Joint Library Facility
|d Remote Storage
|t 0
|e LB875 .W87
|h Library of Congress classification
|i unmediated -- volume
|m A14800820041
|
| 998 |
f |
f |
|a LB875 .W87
|t 0
|l Remote Storage
|